| 000 | 00733nam a22001697a 4500 | ||
|---|---|---|---|
| 008 | 100804s2005 xxu||||| |||| 00| 0 ara d | ||
| 020 | _a9773990273 | ||
| 082 |
_222 _a305.3 _bأ ل ف |
||
| 100 | 1 |
_917068 _aالألفى ، محمد حسن |
|
| 245 |
_aمدرسة الحب / _cمحمد حسن الألفى |
||
| 260 |
_aالقاهرة : _bأطلس للنشر والإنتاج الإعلامى ، _c2005. |
||
| 300 |
_a302 ص ؛ _c24 سم. |
||
| 541 |
_aألف باء ؛ _cشراء ؛ |
||
| 650 |
_917077 _aالعلاقات الأسرية |
||
| 942 |
_2ddc _cBB |
||
| 999 |
_c14611 _d14611 |
||